000 00236 a2200085 4500
020 _a9788194041405
100 _aHimanshu Burte, Anupam Bansal and, Amritha Ballal
245 _aIndia:Unbuilt Architecture Vol 1.0
260 _bArchishots
_c2019
999 _c13680
_d13680